Активный контроль геометрических размеров вкладышей подшипников скольжения; Измерительная техника; № 9

Detalles Bibliográficos
Parent link:Измерительная техника=Measurement Techniques: научно-технический журнал/ Российская Федерация, Федеральное агентство по техническому регулированию и метрологии (Ростехрегулирование) (Госстандарт России).— , 1940-1941, 1955-.— 0368-1025
№ 9.— 2004.— С. 32-35
Autor Principal: Пудовкин А. П.
Outros autores: Чернышов В. Н., Колмаков А. Н.
Idioma:ruso
Publicado: 2004
Series:Линейные и угловые измерения
Subjects:
Formato: Capítulo de libro
KOHA link:https://koha.lib.tpu.ru/cgi-bin/koha/opac-detail.pl?biblionumber=395399

MARC

LEADER 00000naa2a2200000 4500
001 395399
005 20231101064621.0
035 |a (RuTPU)RU\TPU\prd\32683 
090 |a 395399 
100 |a 20050214a2004 k y0rusy50 ca 
101 0 |a rus 
102 |a RU 
200 1 |a Активный контроль геометрических размеров вкладышей подшипников скольжения  |f А. П. Пудовкин, В. Н. Чернышов, А. Н. Колмаков 
225 1 |a Линейные и угловые измерения 
320 |a Библиогр.: 3 назв. 
461 1 |0 (RuTPU)RU\TPU\prd\1509  |x 0368-1025  |t Измерительная техника  |l Measurement Techniques  |o научно-технический журнал  |f Российская Федерация, Федеральное агентство по техническому регулированию и метрологии (Ростехрегулирование) (Госстандарт России)  |d 1940-1941, 1955- 
463 1 |0 (RuTPU)RU\TPU\prd\29640  |t № 9  |v С. 32-35  |d 2004 
610 1 |a геометрические параметры 
610 1 |a вкладыши 
610 1 |a контроль качества 
610 1 |a поле допуска 
610 1 |a подшипники скольжения 
675 |a 620.179.1:62-419.4  |v 3 
700 1 |a Пудовкин  |b А. П. 
701 1 |a Чернышов  |b В. Н. 
701 1 |a Колмаков  |b А. Н. 
801 1 |a RU  |b 63413507  |c 20050214  |g PSBO 
801 2 |a RU  |b 63413507  |c 20121218  |g RCR 
942 |c BK